000 00573cam a2200169 4500500
005 20260405000646.0
041 _afre
042 _adc
100 1 0 _aDuru, Martin
_eauthor
245 0 0 _aThéorie des après-guerres : Remarques sur les relations franco-allemandes depuis 1945
260 _c2008.
500 _a9
690 _aAllemagne
690 _aPeter Sloterdijk
786 0 _nPhilosophie magazine | 23 | 10 | 2008-10-01 | p. 34-34 | 1951-1787
856 4 1 _uhttps://shs.cairn.info/magazine-philosophie-magazine-2008-10-page-34?lang=fr&redirect-ssocas=7080
999 _c2039433
_d2039433